Návrh opatrení na zlepšenie personálneho marketingu v spoločnosti ENERGOCLIMA spol. s r.o. : Bakalárska práca

Na minha lista:
Detalhes bibliográficos
Autor principal: Keher, Igor, 1989- (Author)
Outros Autores: Babčanová, Dagmar, 1978- (Thesis advisor)
Formato: Manuscrito Livro
Idioma:eslovaco
Publicado em: Trnava : STU v Bratislave MTF UPMK, 2011
Assuntos:
Acesso em linha:VAIS
Tags: Adicionar Tag
Sem tags, seja o primeiro a adicionar uma tag!

MARC

LEADER 00000ntm a22000003a 4500
001 stu231450
005 20160719160529.6
008 110713s2011----xo------------------slo-d
040 |a STU  |b slo 
041 0 |a slo 
044 |a xo 
100 1 |a Keher, Igor,  |d 1989-  |4 aut  |X 59718  |7 A000059718 
242 0 0 |a Suggestion of measures for improving human resources marketing in company ENERGOCLIMA spol. s r.o.  |y eng 
245 1 |a Návrh opatrení na zlepšenie personálneho marketingu v spoločnosti ENERGOCLIMA spol. s r.o. :  |b Bakalárska práca 
260 |a Trnava :  |b STU v Bratislave MTF UPMK,  |c 2011 
300 |a 53 s., CD-ROM 
650 7 |a personálny manažment  |2 stusub 
650 7 |a marketing tools  |2 estusub 
650 7 |a personálny marketing  |2 stusub 
650 7 |a marketingové nástroje  |2 stusub 
650 7 |a priemyselné manažérstvo  |2 stusub 
650 7 |a Industrial Management  |2 estusub 
700 1 |a Babčanová, Dagmar,  |d 1978-  |4 ths  |u M4000  |U MTF Materiálovotechnologická fakulta  |T MTF Ústav priemyselného inžinierstva a manažmentu  |X 2819  |U M4000  |Y 84  |7 A000002819 
856 4 |a info a plný text  |u http://is.stuba.sk/zp/portal_zp.pl?podrobnosti=62012  |3 VAIS 
996 |c M*BP-5437  |l MMSKP  |s P  |a 0  |w stu231450_0001